El exilio violeta : (Registro nro. 179574)

Detalles MARC
000 -LEADER
campo de control de longitud fija 01301cam a2200337 4500
001 - NÚMERO DE CONTROL
campo de control 179574
003 - IDENTIFICADOR DE NÚMERO DE CONTROL
campo de control ES-MaACL
005 - FECHA Y HORA DE LA ÚLTIMA TRANSACCIÓN
campo de control 20250807210100.0
008 - DATOS DE LONGITUD FIJA--INFORMACIÓN GENERAL
campo de control de longitud fija 111222s2010 sp a | |||||||| | spa d ..|
015 ## - NÚMERO DE BIBLIOGRAFÍA NACIONAL
Número de bibliografía nacional MON1101
020 ## - NÚMERO INTERNACIONAL ESTÁNDAR DEL LIBRO
Número Internacional Estándar del Libro 978-84-92874-28-6
080 ## - NÚMERO DE LA CLASIFICACIÓN DECIMAL UNIVERSAL
Número de la Clasificación Decimal Universal 316.344.32-055.2(460.23)"19"
080 ## - NÚMERO DE LA CLASIFICACIÓN DECIMAL UNIVERSAL
Número de la Clasificación Decimal Universal 929-054.73-055.2(=1.460.23:44)"19"
080 ## - NÚMERO DE LA CLASIFICACIÓN DECIMAL UNIVERSAL
Número de la Clasificación Decimal Universal 061.215-055.2(460.23)"19"
100 1# - ENTRADA PRINCIPAL--NOMBRE DE PERSONA
Nombre de persona Pessarrodona, Marta.
9 (RLIN) 91447
245 13 - MENCIÓN DEL TÍTULO
Título El exilio violeta :
Resto del título escritores y artistas catalanes exiliados en 1939 /
Mención de responsabilidad, etc. Marta Pessarrodona ; traducción de Mireia Sust.
250 ## - MENCION DE EDICION
Mención de edición 1ª ed.
260 ## - PUBLICACIÓN, DISTRIBUCIÓN, ETC.
Lugar de publicación, distribución, etc. Barcelona :
Nombre del editor, distribuidor, etc. Meteora :
-- Dones per la Llibertat i la Democràcia,
Fecha de publicación, distribución, etc. 2010.
300 ## - DESCRIPCIÓN FÍSICA
Extensión 279 p. ;
Dimensiones 21 cm.
490 1# - MENCIÓN DE SERIE
Mención de serie Dones per la Llibertat i la Democràcia
504 ## - NOTA DE BIBLIOGRAFÍA, ETC.
Nota de bibliografía, etc. Bibliografía: p. 256-270. Índice.
650 ## - PUNTO DE ACCESO ADICIONAL DE MATERIA--TÉRMINO DE MATERIA
Término de materia o nombre geográfico como elemento de entrada Mujeres intelectuales-
Subdivisión geográfica Cataluña.
9 (RLIN) 148804
650 #4 - PUNTO DE ACCESO ADICIONAL DE MATERIA--TÉRMINO DE MATERIA
Término de materia o nombre geográfico como elemento de entrada Exiliados catalanes-
Subdivisión geográfica Francia.
9 (RLIN) 148805
650 #7 - PUNTO DE ACCESO ADICIONAL DE MATERIA--TÉRMINO DE MATERIA
Término de materia o nombre geográfico como elemento de entrada Mujeres-
Subdivisión geográfica Cataluña-
Subdivisión general Sociedades, asociaciones, etc.
Fuente del encabezamiento o término
9 (RLIN) 167586
700 1# - ENTRADA AGREGADA--NOMBRE PERSONAL
Nombre de persona Sust, Mireia.
9 (RLIN) 148806
830 0# - PUNTO DE ACCESO ADICIONAL DE SERIE-TÍTULO UNIFORME
Título uniforme Dones per la Llibertat i la Democràcia
9 (RLIN) 224502
852 ## - LOCALIZACIÓN
Ubicación ES-MaACL
itemnumber 186471
Sublocalización o colección R.146788
Número de control de estantería A-11798
Signatura antigua Olim: N-4803
Ubicación en estantería Depósito 1
942 ## - ELEMENTOS DE ENTRADA SECUNDARIOS (KOHA)
Fuente del sistema de clasificación o colocación Clasificación decimal universal
Tipo de ítem Koha Libro impreso
Existencias
Estatus retirado Estado de pérdida Fuente del sistema de clasificación o colocación Estado de daño No para préstamo Biblioteca de origen Biblioteca actual Ubicación en estantería Fecha de adquisición Fuente de adquisición Total de préstamos Signatura topográfica completa Código de barras Visto por última vez Precio de reemplazo Tipo de ítem Koha
    Clasificación decimal universal     Biblioteca del Ateneo de Madrid Biblioteca del Ateneo de Madrid Depósito 1 22/12/2011 Compra   A-11798 1188648 23/02/2023 23/02/2023 Libro impreso